000
00269nam a22001337a 4500
003
SGT
082
_a
615
_b
DAS
100
_a
DAS, M.M.
245
_a
PHARMACOLOGY
260
_a
INDIA
_b
ANUBHA PUB.
_c
2001
300
_a
440
650
_a
PHARMACOLOGY
942
_2
ddc
_c
BK
999
_c
32400
_d
32400